Cocktail Ingredients #1 - Statistics

General Stats
  • This quiz has been taken 46 times
  • The average score is 18 of 27
Answer Stats
Hint Answer % Correct
Bloody Mary Vodka
100%
Long Island Iced Tea Vodka
100%
Cosmopolitan Vodka Citron
100%
Long Island Iced Tea Tequila
98%
Tequila Sunrise Tequila
98%
Tequila Sunrise Orange Juice
88%
Long Island Iced Tea Gin
85%
Bloody Mary Tomato Juice
85%
Pina Colada Pineapple Juice
80%
Bloody Mary Lemon Juice
75%
Long Island Iced Tea Lemon Juice
75%
Cosmopolitan Lime Juice
73%
Cuba Libre Lime Juice
73%
Cuba Libre White Rum
60%
Long Island Iced Tea White Rum
60%
Pina Colada White Rum
60%
Cuba Libre Cola
55%
Long Island Iced Tea Cola
55%
Tequila Sunrise Grenadine
50%
Cosmopolitan Cointreau
48%
Long Island Iced Tea Cointreau
48%
Pina Colada Coconut Cream
45%
Cosmopolitan Cranberry Juice
45%
Bellini Prosecco
28%
Long Island Iced Tea Simple Syrup
28%
Bloody Mary Worcestershire Sauce
25%
Bellini White Peach Puree
18%
No matching quizzes found
Score Distribution
Percent of People with Each Score
Percentile by Number Answered
Your Score History
You have not taken this quiz